[Event "Wch Rapid (Women)"]
[Site "Khanty-Mansiysk"]
[Date "2014.04.23"]
[Round "1"]
[White "Kosteniuk, Alexandra"]
[Black "Kashlinskaya, Alina"]
[Result "1-0"]
[WhiteElo "2527"]
[BlackElo "2423"]
[PlyCount "95"]
[EventDate "2014.04.23"]
[EventType "swiss (rapid)"]
[EventRounds "15"]
[EventCountry "RUS"]
[SourceTitle "CBM 160 Extra"]
[Source "ChessBase"]
[SourceDate "2014.07.01"]
[SourceVersion "1"]
[SourceVersionDate "2014.07.01"]
[SourceQuality "1"]

1. e4 c5 2. Nf3 d6 3. d4 cxd4 4. Nxd4 Nf6 5. Nc3 a6 6. Be2 e5 7. Nb3 Be7 8. O-O
O-O 9. Bf3 Be6 10. a4 Nbd7 11. a5 Qc7 12. Be3 Rfc8 13. Qd2 b5 14. axb6 Nxb6 15.
Na5 Nc4 16. Nxc4 Qxc4 17. Ra4 Qc6 18. Rfa1 Qb7 19. Rb1 h6 20. h3 Rd8 21. Ra5
Rd7 22. Qd3 Bd8 23. Ra3 Bb6 24. Rba1 Bxe3 25. Qxe3 Rdd8 26. Na4 Rab8 27. b3 Qc6
28. c4 Nd7 29. Nc3 Nc5 30. Bd1 Rb4 31. Bc2 Rdb8 32. Na2 R4b6 33. b4 Nd7 34. Bd3
R8b7 35. Rc1 Rxb4 36. Nxb4 Rxb4 37. Qd2 Qb6 38. Be2 Nc5 39. Qe3 a5 40. Kh2 Rb2
41. Rca1 a4 42. Bd1 Bxc4 43. Bxa4 Re2 44. Qf3 Nxe4 45. Bd1 Re1 46. Ra8+ Kh7 47.
Bc2 Rxa1 48. Bxe4+ 1-0

[Event "Lopota FIDE GP (Women)"]
[Site "Lopota"]
[Date "2014.06.19"]
[Round "1"]
[White "Dzagnidze, Nana"]
[Black "Kosteniuk, Alexandra"]
[Result "1/2-1/2"]
[WhiteElo "2541"]
[BlackElo "2532"]
[PlyCount "57"]
[EventDate "2014.06.19"]
[EventType "tourn"]
[EventRounds "11"]
[EventCountry "GEO"]
[EventCategory "11"]
[SourceTitle "CBM 161 Extra"]
[Source "ChessBase"]
[SourceDate "2014.08.29"]
[SourceVersion "1"]
[SourceVersionDate "2014.08.29"]
[SourceQuality "1"]

1. c4 e5 2. Nc3 Nf6 3. Nf3 Nc6 4. a3 d5 5. cxd5 Nxd5 6. Qc2 Be6 7. e4 Nde7 8.
b4 Ng6 9. Bb5 Qd6 10. Bb2 a6 11. Ba4 Nf4 12. O-O O-O-O 13. Bxc6 bxc6 14. Na4
Nd3 15. Rfc1 f6 16. Ne1 Nxc1 17. Rxc1 Qd7 18. d4 exd4 19. Nd3 c5 20. Ndxc5 Bxc5
21. Nxc5 d3 22. Nxd3 Bb3 23. Qc5 Kb8 24. Bd4 Qxd4 25. Qxc7+ Ka8 26. Qc6+ Ka7
27. Qc7+ Ka8 28. Qc6+ Ka7 29. Qc7+ 1/2-1/2

[Event "Lopota FIDE GP (Women)"]
[Site "Lopota"]
[Date "2014.06.20"]
[Round "2"]
[White "Kosteniuk, Alexandra"]
[Black "Harika, Dronavalli"]
[Result "0-1"]
[WhiteElo "2532"]
[BlackElo "2503"]
[PlyCount "100"]
[EventDate "2014.06.19"]
[EventType "tourn"]
[EventRounds "11"]
[EventCountry "GEO"]
[EventCategory "11"]
[SourceTitle "CBM 161 Extra"]
[Source "ChessBase"]
[SourceDate "2014.08.29"]
[SourceVersion "1"]
[SourceVersionDate "2014.08.29"]
[SourceQuality "1"]

1. e4 e6 2. d4 d5 3. Nc3 Bb4 4. exd5 exd5 5. Bd3 Nc6 6. a3 Bxc3+ 7. bxc3 Nge7
8. Qh5 Be6 9. Nf3 Qd7 10. Ng5 O-O-O 11. Nxe6 Qxe6+ 12. Be3 g6 13. Qe2 Nf5 14.
O-O Rhe8 15. Rfe1 Nxe3 16. fxe3 f5 17. c4 Re7 18. cxd5 Qxd5 19. c3 Rde8 20. Bc4
Qe4 21. Qa2 Qh4 22. g3 Qf6 23. Qf2 Qg5 24. Bb5 Rxe3 25. Reb1 a6 26. Bf1 Na5 27.
Re1 f4 28. Rxe3 fxe3 29. Qf7 Qe7 30. Qxe7 Rxe7 31. Rb1 e2 32. Bh3+ Kb8 33. Kf2
Nc4 34. Re1 Nxa3 35. Rxe2 Rxe2+ 36. Kxe2 Nc4 37. Kd3 b5 38. Be6 Nd6 39. Bg8 h6
40. Bh7 g5 41. Ke3 a5 42. Kf3 a4 43. Bb1 Ka7 44. h4 Kb6 45. hxg5 hxg5 46. Ba2
Ka5 47. Kg4 Ne4 48. Be6 a3 49. Bb3 c6 50. Be6 Nxc3 0-1

[Event "Lopota FIDE GP (Women)"]
[Site "Lopota"]
[Date "2014.06.21"]
[Round "3"]
[White "Muzychuk, Anna"]
[Black "Kosteniuk, Alexandra"]
[Result "1-0"]
[WhiteElo "2561"]
[BlackElo "2532"]
[PlyCount "83"]
[EventDate "2014.06.19"]
[EventType "tourn"]
[EventRounds "11"]
[EventCountry "GEO"]
[EventCategory "11"]
[SourceTitle "CBM 161 Extra"]
[Source "ChessBase"]
[SourceDate "2014.08.29"]
[SourceVersion "1"]
[SourceVersionDate "2014.08.29"]
[SourceQuality "1"]

1. e4 e5 2. Nf3 Nf6 3. Nxe5 d6 4. Nf3 Nxe4 5. d4 d5 6. Bd3 Bd6 7. O-O O-O 8. c4
c6 9. Nc3 Nxc3 10. bxc3 dxc4 11. Bxc4 Bg4 12. Rb1 Nd7 13. h3 Bh5 14. Rxb7 Nb6
15. Ba6 Qf6 16. c4 Bxf3 17. Qxf3 Qxd4 18. g3 Qc5 19. Rd1 Qa5 20. Rxd6 Qxa6 21.
Rc7 Qxa2 22. Rcxc6 Rae8 23. Rd1 Re6 24. Rxe6 fxe6 25. Qe3 e5 26. c5 Nc4 27. Qe1
Qc2 28. c6 Nb6 29. Ba3 Rc8 30. Rc1 Qa4 31. Qc3 Kf7 32. Bb2 Qb5 33. c7 Qd5 34.
Qb4 Na8 35. Qg4 Rxc7 36. Qf5+ Ke8 37. Re1 Re7 38. Ba3 Qd7 39. Qxh7 Qd2 40. Qh5+
g6 41. Qxg6+ Kd7 42. Qb1 1-0

[Event "Lopota FIDE GP (Women)"]
[Site "Lopota"]
[Date "2014.06.24"]
[Round "5"]
[White "Kosteniuk, Alexandra"]
[Black "Danielian, Elina"]
[Result "1/2-1/2"]
[WhiteElo "2532"]
[BlackElo "2460"]
[PlyCount "266"]
[EventDate "2014.06.19"]
[EventType "tourn"]
[EventRounds "11"]
[EventCountry "GEO"]
[EventCategory "11"]
[SourceTitle "CBM 161 Extra"]
[Source "ChessBase"]
[SourceDate "2014.08.29"]
[SourceVersion "1"]
[SourceVersionDate "2014.08.29"]
[SourceQuality "1"]

1. d4 d5 2. Nf3 Nf6 3. c4 dxc4 4. e3 e6 5. Bxc4 c5 6. O-O Nc6 7. Re1 Be7 8. Nc3
O-O 9. a3 a6 10. Ba2 b5 11. d5 exd5 12. Nxd5 Bg4 13. h3 Bh5 14. e4 Re8 15. Bf4
Rc8 16. Nxe7+ Nxe7 17. g4 Bg6 18. Ne5 c4 19. Qxd8 Rexd8 20. h4 h5 21. Bg5 Re8
22. Bxf6 gxf6 23. Nd7 Kg7 24. g5 fxg5 25. hxg5 Nc6 26. Nf6 Red8 27. Red1 Nd4
28. Kg2 Ne6 29. f3 Nxg5 30. e5 Ne6 31. Kg3 Nc5 32. Rh1 Rh8 33. Rag1 Nd3 34. f4
c3 35. f5 Bxf5 36. bxc3 Bg6 37. Nd5 Nxe5 38. Kf4 Nd3+ 39. Kf3 Rhe8 40. Rxh5 Re1
41. Rhh1 Rce8 42. Bb1 Ne5+ 43. Kf4 Re2 44. Rh7+ Kxh7 45. Nf6+ Kg7 46. Nxe8+ Kf8
47. Nc7 Nd3+ 48. Bxd3 Bxd3 49. Nxa6 Re4+ 50. Kf3 Rc4 51. Rc1 Be4+ 52. Ke3 f5
53. Nb4 Kf7 54. Nd3 Kf6 55. Nb2 Rc7 56. c4 bxc4 57. Rxc4 Re7 58. Kf4 Rg7 59.
Ra4 Rg4+ 60. Ke3 Rg2 61. Nc4 Bd5 62. Nd2 Rg3+ 63. Kf2 Rh3 64. Ra5 Ke6 65. Ra4
Rh2+ 66. Ke3 Rh3+ 67. Kf2 Rc3 68. Nf1 Bc6 69. Rb4 Ke5 70. Ne3 f4 71. Ng4+ Kf5
72. Nh6+ Kg5 73. Nf7+ Kf5 74. Rc4 Rf3+ 75. Ke2 Re3+ 76. Kd2 Bg2 77. Rc5+ Kf6
78. Nh6 Bh3 79. Rc6+ Kg7 80. Rc4 Rf3 81. Ke2 Rxa3 82. Rxf4 Kxh6 83. Kf2 Kg5 84.
Rf3 Ra2+ 85. Kg3 Bf5 86. Re3 Ra1 87. Rc3 Rg1+ 88. Kf2 Rh1 89. Ke3 Rh4 90. Rc5
Kf6 91. Rc6+ Ke5 92. Rc5+ Ke6 93. Kd2 Rh3 94. Rc3 Rh2+ 95. Ke3 Kd5 96. Kf4 Be4
97. Ke3 Ke5 98. Rc5+ Bd5 99. Rc3 Rh1 100. Kd3 Rh4 101. Ke3 Bc4 102. Kf2 Kd4
103. Kg3 Rh8 104. Rf3 Rg8+ 105. Kf4 Bb5 106. Rf2 Bd3 107. Kf3 Ke5 108. Ke3 Be4
109. Kd2 Kd4 110. Rh2 Rb8 111. Rf2 Rb7 112. Ke2 Bd3+ 113. Kd2 Rb2+ 114. Ke1 Rb3
115. Kd2 Be4 116. Ke2 Ra3 117. Kd2 Bf3 118. Kc1 Rc3+ 119. Kd2 Rb3 120. Kc2 Ra3
121. Kd2 Ke4 122. Kc1 Ke3 123. Kb2 Ra7 124. Rc2 Be4 125. Rc3+ Kd2 126. Rc2+ Kd3
127. Rc3+ Kd4 128. Ra3 Rb7+ 129. Rb3 Rh7 130. Rb4+ Kd3 131. Kb3 Bd5+ 132. Ka3
Kc3 133. Rb3+ Bxb3 1/2-1/2

[Event "Lopota FIDE GP (Women)"]
[Site "Lopota"]
[Date "2014.06.25"]
[Round "6"]
[White "Muminova, Nafisa"]
[Black "Kosteniuk, Alexandra"]
[Result "0-1"]
[WhiteElo "2332"]
[BlackElo "2532"]
[Annotator "CB"]
[PlyCount "74"]
[EventDate "2014.06.19"]
[EventType "tourn"]
[EventRounds "11"]
[EventCountry "GEO"]
[EventCategory "11"]
[SourceTitle "CBM 161 Extra"]
[Source "ChessBase"]
[SourceDate "2014.08.29"]
[SourceVersion "1"]
[SourceVersionDate "2014.08.29"]
[SourceQuality "1"]

{Muminova's intuition and bravery is spot on. She finds aggressive and
powerful moves and can obtain winning positions against anyone. However when
it is time to wrap things up by precisely bringing the point home she often
fails to do so. Somehow instead of driving her crushing attack forward she
ended up getting mated when she ran out of ideas in the kingside...} 1. e4 e5
2. Nf3 Nc6 3. d4 exd4 4. Nxd4 Bc5 5. Nb3 Bb6 6. Nc3 Nf6 7. Qe2 O-O 8. Be3 Re8
9. f3 d6 10. O-O-O Be6 11. Nc5 Bxc5 12. Bxc5 Qb8 13. Be3 a6 14. g4 b5 15. g5
Nd7 16. f4 Bc4 17. Qf3 Bxf1 18. Rhxf1 b4 19. Nd5 Ne7 20. Nf6+ $1 {Powerful and
effective.} gxf6 21. gxf6 Ng6 22. f5 $1 Re5 23. fxg6 $2 (23. Bd4 $1 Ra5 24. Qh3
$1 {Black cannot solve all of her problems.} Rxa2 25. fxg6 hxg6 26. Rf4 $18)
23... hxg6 24. Bh6 $2 {A waste of time and an impossible move to understand.}
Rh5 25. Be3 (25. Bg7 {leaves the bishop doing nothing on g7.}) 25... Ne5 26.
Qg3 Qc8 27. Bf4 Qe6 28. Bxe5 Rxe5 29. Rd5 Re8 30. Rxe5 Qxe5 {Now Black is the
one with all the pluses in the position.} 31. Rf4 Qd4 32. Qh4 Re6 33. a3 bxa3
34. bxa3 c5 35. Kb1 d5 36. exd5 Rb6+ 37. Kc1 Qe3+ 0-1

[Event "Lopota FIDE GP (Women)"]
[Site "Lopota"]
[Date "2014.06.27"]
[Round "8"]
[White "Koneru, Humpy"]
[Black "Kosteniuk, Alexandra"]
[Result "1/2-1/2"]
[WhiteElo "2613"]
[BlackElo "2532"]
[Annotator "Ramirez Alvarez,A"]
[PlyCount "79"]
[EventDate "2014.06.19"]
[EventType "tourn"]
[EventRounds "11"]
[EventCountry "GEO"]
[EventCategory "11"]
[SourceTitle "CBM 161 Extra"]
[Source "ChessBase"]
[SourceDate "2014.08.29"]
[SourceVersion "1"]
[SourceVersionDate "2014.08.29"]
[SourceQuality "1"]

1. c4 Nf6 2. Nc3 e5 3. Nf3 Nc6 4. a3 d5 5. cxd5 Nxd5 6. Qc2 Be7 7. e3 O-O 8. b4
Nxc3 9. dxc3 Qd6 10. Bb2 Bg4 $6 (10... Rd8 $11) 11. Be2 f5 12. b5 Bxf3 13. gxf3
$5 {Weiß will auf der g-Linie angreifen.} Nd8 14. c4 c6 15. c5 Qg6 16. Bxe5
cxb5 17. Bxb5 Rc8 18. Ke2 $6 (18. Qb3+ $1 Kh8 (18... Qe6 19. Bc4) 19. Ke2 Rxc5
20. Rhg1 $18) 18... Rxc5 19. Bc4+ Kh8 20. Bd4 Rc7 $2 ({Nach} 20... Rc8 21. Rhg1
Bg5 22. h4 Ne6 23. Rxg5 Nxd4+ 24. exd4 Qd6 {hat Schwarz Kompensation für die
Figur.}) 21. Rag1 Bg5 22. h4 Ne6 23. Be5 Rc5 24. Bd6 Nf4+ 25. Bxf4 Qc6 26. hxg5
(26. Rxg5 {war genauer.} Rxc4 27. Qd3 $1 $18) 26... Rxc4 27. Qb3 (27. Qd3 $1)
27... Qa6 28. Ke1 Rfc8 29. e4 $1 fxe4 30. fxe4 Qg6 31. Qxb7 $2 (31. f3 Rc3 32.
Qxb7 $18) 31... Rxe4+ 32. Kf1 Rf8 33. Bg3 Qe6 34. Kg2 $2 (34. Qb5 $1 $18) 34...
Rxf2+ $1 {Eine überraschende Rettung.} 35. Bxf2 (35. Kxf2 Qa2+ {verliert
sogar noch.}) 35... Qg4+ 36. Kh2 Qh5+ 37. Kg2 Qg4+ 38. Kh2 Qh5+ 39. Kg2 Qg4+
40. Kh2 1/2-1/2

[Event "Lopota FIDE GP (Women)"]
[Site "Lopota"]
[Date "2014.06.29"]
[Round "9"]
[White "Kosteniuk, Alexandra"]
[Black "Zhao, Xue"]
[Result "1/2-1/2"]
[WhiteElo "2532"]
[BlackElo "2538"]
[PlyCount "154"]
[EventDate "2014.06.19"]
[EventType "tourn"]
[EventRounds "11"]
[EventCountry "GEO"]
[EventCategory "11"]
[SourceTitle "CBM 161 Extra"]
[Source "ChessBase"]
[SourceDate "2014.08.29"]
[SourceVersion "1"]
[SourceVersionDate "2014.08.29"]
[SourceQuality "1"]

1. d4 Nf6 2. c4 e6 3. Nf3 b6 4. a3 Bb7 5. Nc3 d5 6. cxd5 Nxd5 7. e3 Be7 8. Bb5+
c6 9. Bd3 O-O 10. O-O Nxc3 11. bxc3 c5 12. Bb2 Nc6 13. Qe2 Qc7 14. e4 Na5 15.
Rad1 Rfd8 16. Ne5 Bd6 17. f4 Rf8 18. Ng4 c4 19. Bc2 f5 20. exf5 exf5 21. Ne5
Rf6 22. a4 Bd5 23. h3 Raf8 24. Rf2 Nb7 25. Bc1 Rh6 26. Kh2 a6 27. Rg1 b5 28.
axb5 axb5 29. Rff1 Be7 30. Re1 Bh4 31. g3 Bd8 32. g4 Qd6 33. Qe3 fxg4 34. Rxg4
Re6 35. f5 Ree8 36. Qg3 Bf6 37. Bf4 Qd8 38. h4 Re7 39. h5 Qe8 40. h6 Qh5+ 41.
Qh3 Qxh3+ 42. Kxh3 Ra8 43. hxg7 Nd6 44. Rg3 h5 45. Rg6 Ne8 46. Bd1 Ra3 47. Re3
b4 48. cxb4 Rxe3+ 49. Bxe3 Be4 50. Kh2 Bxf5 51. Rh6 h4 52. Nxc4 Kxg7 53. Rh5
Be6 54. Ne5 Ra7 55. Bg4 Ra2+ 56. Kg1 Bd5 57. Nf3 Bf7 58. Ra5 Rb2 59. Ra7 Kg8
60. Rb7 Nd6 61. Rb8+ Kg7 62. Ne5 Bd5 63. Rb6 Bxe5 64. dxe5 Nc4 65. Bh6+ Kh8 66.
Rb5 Nxe5 67. Rxd5 Nxg4 68. Bd2 Kh7 69. Rh5+ Kg6 70. Rg5+ Kf6 71. Bc3+ Kxg5 72.
Bxb2 Kf5 73. b5 Ke6 74. b6 Kd7 75. Kg2 Ne3+ 76. Kh3 Nc4 77. Bd4 Nxb6 1/2-1/2

[Event "Lopota FIDE GP (Women)"]
[Site "Lopota"]
[Date "2014.06.30"]
[Round "10"]
[White "Hou, Yifan"]
[Black "Kosteniuk, Alexandra"]
[Result "1/2-1/2"]
[WhiteElo "2629"]
[BlackElo "2532"]
[Annotator "CB"]
[PlyCount "47"]
[EventDate "2014.06.19"]
[EventType "tourn"]
[EventRounds "11"]
[EventCountry "GEO"]
[EventCategory "11"]
[SourceTitle "CBM 161 Extra"]
[Source "ChessBase"]
[SourceDate "2014.08.29"]
[SourceVersion "1"]
[SourceVersionDate "2014.08.29"]
[SourceQuality "1"]

{A strange opening resulted in a strange queenless middlegame. Kosteniuk
sacrificed a pawn to shatter Hou Yifan's structure but it is unclear if she
received full compensation. The players repeated moves, but had Hou Yifan
wanted to continue the game it is possible she had a slight and safe advantage
with the move 21.Nd5!} 1. c4 e6 2. g3 d5 3. Bg2 dxc4 4. Qa4+ Nd7 5. Qxc4 a6 6.
Qb3 Nc5 7. Qc2 e5 8. Nc3 Ne7 9. Nf3 Nc6 10. O-O Be7 11. a3 Be6 12. b4 Nb3 13.
Rb1 Nbd4 14. Nxd4 exd4 15. Na4 d3 16. Qxd3 Qxd3 17. exd3 O-O-O 18. Bb2 Nd4 19.
Rfe1 b6 20. Nc3 Nc2 21. Rec1 (21. Nd5 $1 Nxe1 (21... Bd6 22. Nxb6+ cxb6 23.
Rec1 Bb3 24. Bxg7 $18) 22. Nxe7+ Kd7 23. Rxe1 Kxe7 24. Bxg7 Rhg8 25. Bc3 $14 {
Only White can be better in this position.}) 21... Nd4 22. Re1 Nc2 23. Rec1 Nd4
24. Re1 1/2-1/2

[Event "Olympiad Women-41"]
[Site "Tromsoe"]
[Date "2014.08.02"]
[Round "1.2"]
[White "Fuad Kamel Jamaliah, Natalie"]
[Black "Kosteniuk, Alexandra"]
[Result "0-1"]
[WhiteElo "2003"]
[BlackElo "2531"]
[PlyCount "82"]
[EventDate "2014.08.02"]
[EventType "team-swiss"]
[EventRounds "11"]
[EventCountry "NOR"]
[SourceTitle "CBM 162"]
[Source "ChessBase"]
[SourceDate "2014.09.17"]
[SourceVersion "1"]
[SourceVersionDate "2014.09.17"]
[SourceQuality "1"]
[WhiteTeam "Jordan (W)"]
[BlackTeam "Russia (W)"]
[WhiteTeamCountry "JOR"]
[BlackTeamCountry "RUS"]

1. d4 Nf6 2. Bf4 d5 3. Nf3 g6 4. e3 Bg7 5. Nbd2 O-O 6. h3 c5 7. c3 Nfd7 8. Be2
Nc6 9. O-O e5 10. dxe5 Ndxe5 11. Nxe5 Nxe5 12. Nf3 Nc6 13. Qb3 Na5 14. Qb5 b6
15. Qd3 Bf5 16. Qd2 Qc8 17. Rad1 Rd8 18. Qc1 Qb7 19. Bd3 Bd7 20. Ne5 Be8 21.
Qb1 Nc6 22. Nf3 b5 23. Bc2 b4 24. cxb4 Nxb4 25. Be5 f6 26. Bc3 a5 27. Rd2 Bc6
28. Bd1 d4 29. Bxb4 Qxb4 30. Qc1 Bh6 31. Bb3+ Kg7 32. Re1 Bxf3 33. gxf3 c4 34.
Bc2 dxe3 35. Rxd8 exf2+ 36. Kxf2 Rxd8 37. Qb1 Qc5+ 38. Kf1 Rd2 39. Re2 Rxe2 40.
Kxe2 Qe3+ 41. Kf1 Qxf3+ 0-1

[Event "Olympiad Women-41"]
[Site "Tromsoe"]
[Date "2014.08.04"]
[Round "3.3"]
[White "Kosteniuk, Alexandra"]
[Black "Guichard, Pauline"]
[Result "1-0"]
[WhiteElo "2531"]
[BlackElo "2375"]
[PlyCount "79"]
[EventDate "2014.08.02"]
[EventType "team-swiss"]
[EventRounds "11"]
[EventCountry "NOR"]
[SourceTitle "CBM 162"]
[Source "ChessBase"]
[SourceDate "2014.09.17"]
[SourceVersion "1"]
[SourceVersionDate "2014.09.17"]
[SourceQuality "1"]
[WhiteTeam "Russia (W)"]
[BlackTeam "France (W)"]
[WhiteTeamCountry "RUS"]
[BlackTeamCountry "FRA"]

1. e4 e5 2. Nf3 Nc6 3. Bb5 a6 4. Ba4 Nf6 5. d3 b5 6. Bb3 Bd6 7. c3 Bb7 8. Nbd2
h6 9. Nf1 O-O 10. Ng3 Re8 11. Nf5 Bf8 12. N3h4 Na5 13. Bc2 d5 14. Qe2 dxe4 15.
dxe4 Nc4 16. O-O Qd7 17. a4 Nd6 18. Nxd6 cxd6 19. Nf5 Bc6 20. Qf3 Qe6 21. Re1
Kh8 22. Qh3 d5 23. exd5 Bxd5 24. Qh4 Nh7 25. Qg3 e4 26. Nd4 Qf6 27. axb5 Bd6
28. Qh3 axb5 29. Rxa8 Bxa8 30. Qd7 Rd8 31. Qxb5 Be5 32. Bxe4 Bxd4 33. cxd4 Qe7
34. Qe2 Rxd4 35. Bf3 Qxe2 36. Bxe2 Rd8 37. Bc4 f5 38. f3 Nf6 39. Be6 Re8 40.
Kf1 1-0

[Event "Olympiad Women-41"]
[Site "Tromsoe"]
[Date "2014.08.05"]
[Round "4.2"]
[White "Kosteniuk, Alexandra"]
[Black "Melamed, Tatiana"]
[Result "1-0"]
[WhiteElo "2531"]
[BlackElo "2364"]
[PlyCount "97"]
[EventDate "2014.08.02"]
[EventType "team-swiss"]
[EventRounds "11"]
[EventCountry "NOR"]
[SourceTitle "CBM 162"]
[Source "ChessBase"]
[SourceDate "2014.09.17"]
[SourceVersion "1"]
[SourceVersionDate "2014.09.17"]
[SourceQuality "1"]
[WhiteTeam "Russia (W)"]
[BlackTeam "Germany (W)"]
[WhiteTeamCountry "RUS"]
[BlackTeamCountry "GER"]

1. e4 c5 2. Nf3 e6 3. d4 cxd4 4. Nxd4 Nc6 5. Nc3 Qc7 6. Be2 a6 7. O-O Nf6 8.
Be3 Be7 9. f4 d6 10. Qe1 O-O 11. Qg3 Nxd4 12. Bxd4 b5 13. a3 Bb7 14. Kh1 Rad8
15. Bd3 Rd7 16. Rae1 Re8 17. Re2 Qd8 18. Qh3 Bf8 19. Bf2 h6 20. Bh4 Be7 21. Re3
Rc7 22. Bf2 Kh8 23. e5 dxe5 24. Rxe5 Qa8 25. Bd4 Rd7 26. Ne2 Red8 27. c3 Kg8
28. Re3 Rd5 29. Bc2 Rh5 30. Qg3 Ne8 31. Re5 Bh4 32. Qh3 Rxe5 33. fxe5 Bg5 34.
Qg4 Rd7 35. Rf2 Qd8 36. Ng3 Qe7 37. Ne4 Bxe4 38. Qxe4 g6 39. Qc6 Nc7 40. g3 Kg7
41. h4 Bc1 42. Be4 h5 43. Kg2 Nd5 44. Bxd5 Rxd5 45. Qxa6 g5 46. hxg5 Qxg5 47.
Qb7 Qg6 48. Rf6 Qe4+ 49. Kh2 1-0

[Event "Olympiad Women-41"]
[Site "Tromsoe"]
[Date "2014.08.06"]
[Round "5.3"]
[White "Kosteniuk, Alexandra"]
[Black "Javakhishvili, Lela"]
[Result "1/2-1/2"]
[WhiteElo "2531"]
[BlackElo "2478"]
[PlyCount "131"]
[EventDate "2014.08.02"]
[EventType "team-swiss"]
[EventRounds "11"]
[EventCountry "NOR"]
[SourceTitle "CBM 162"]
[Source "ChessBase"]
[SourceDate "2014.09.17"]
[SourceVersion "1"]
[SourceVersionDate "2014.09.17"]
[SourceQuality "1"]
[WhiteTeam "Russia (W)"]
[BlackTeam "Georgia (W)"]
[WhiteTeamCountry "RUS"]
[BlackTeamCountry "GEO"]

1. e4 c5 2. Nf3 e6 3. d4 cxd4 4. Nxd4 Nc6 5. Nc3 a6 6. Be2 Qc7 7. O-O b5 8.
Nxc6 dxc6 9. Qd3 Be7 10. e5 Qxe5 11. Qf3 Qc7 12. Bf4 Qb6 13. Ne4 Nf6 14. Nd6+
Bxd6 15. Bxd6 Bb7 16. Qg3 O-O-O 17. Bf3 c5 18. Be7 Rdg8 19. a4 Bxf3 20. Qxf3
Qb7 21. axb5 Qxf3 22. gxf3 Kd7 23. Bxc5 axb5 24. Ra7+ Kc6 25. Bd4 Rd8 26. c3
Nd7 27. Rfa1 e5 28. R1a6+ Kd5 29. Be3 f5 30. Rb7 f4 31. Ba7 Kc4 32. Rc6+ Kd5
33. Ra6 Kc4 34. Ra5 h5 35. Rbxb5 g5 36. Rb4+ Kd3 37. Rd5+ Kc2 38. Rb7 Rh7 39.
Kf1 Nf6 40. Rxh7 Rxd5 41. Rh6 Nd7 42. c4 Ra5 43. Bb6 Ra6 44. c5 Nxc5 45. Rc6
Kxb2 46. Rxc5 Rxb6 47. Rxe5 Rg6 48. Rc5 Kb3 49. Kg2 Kb4 50. Rc8 Rd6 51. Rf8 Kc4
52. h4 gxh4 53. Rxf4+ Rd4 54. Rf8 Kd5 55. f4 Ke6 56. Kf3 Ra4 57. Re8+ Kf6 58.
Re5 Ra3+ 59. Re3 Ra2 60. Rb3 Ra6 61. Rc3 Rb6 62. Ra3 Rb5 63. Kg2 Kf5 64. Kh3
Kxf4 65. Kxh4 Rb2 66. Kxh5 1/2-1/2

[Event "Olympiad Women-41"]
[Site "Tromsoe"]
[Date "2014.08.09"]
[Round "7.3"]
[White "Kosteniuk, Alexandra"]
[Black "Zhao, Xue"]
[Result "1/2-1/2"]
[WhiteElo "2531"]
[BlackElo "2508"]
[PlyCount "135"]
[EventDate "2014.08.02"]
[EventType "team-swiss"]
[EventRounds "11"]
[EventCountry "NOR"]
[SourceTitle "CBM 162"]
[Source "ChessBase"]
[SourceDate "2014.09.17"]
[SourceVersion "1"]
[SourceVersionDate "2014.09.17"]
[SourceQuality "1"]
[WhiteTeam "Russia (W)"]
[BlackTeam "China (W)"]
[WhiteTeamCountry "RUS"]
[BlackTeamCountry "CHN"]

1. d4 Nf6 2. Nf3 e6 3. c4 Bb4+ 4. Bd2 a5 5. Nc3 d5 6. cxd5 exd5 7. Bg5 h6 8.
Bh4 Qd6 9. Nd2 Nbd7 10. a3 Bxc3 11. bxc3 c5 12. e3 O-O 13. Bb5 b6 14. O-O Ba6
15. Bxa6 Rxa6 16. a4 Raa8 17. f3 Rfe8 18. Bf2 Qc6 19. Qb1 Rac8 20. Rc1 Re6 21.
Qb2 Qa8 22. c4 cxd4 23. cxd5 Nxd5 24. Rxc8+ Qxc8 25. Qxd4 Nc3 26. Kh1 Rc6 27.
h4 Ne2 28. Qd3 Nc1 29. Qf5 g6 30. Qg4 Rd6 31. Ne4 Rd1+ 32. Kh2 Qc6 33. f4 Rf1
34. Qxd7 Qxe4 35. Qc8+ Kh7 36. Qc7 Kg8 37. Bg1 Rxg1 38. Kxg1 Qxe3+ 39. Kh2 Ne2
40. Qc8+ Kg7 41. Qg4 Nxf4 42. Rf1 Nd5 43. Qg3 Qe8 44. h5 g5 45. Rf5 Ne3 46. Rf3
Nc4 47. Qc7 Qe6 48. Rf1 Ne3 49. Qc3+ Kg8 50. Re1 Ng4+ 51. Kg1 Qd7 52. Re4 Qd1+
53. Qe1 Qd7 54. Qa1 Qc8 55. Rd4 Nf6 56. Kh1 Qe6 57. Rd8+ Kh7 58. Qc3 Qf5 59.
Qf3 Qe5 60. Qd3+ Kg7 61. Qd4 Qe1+ 62. Kh2 g4 63. g3 Qe2+ 64. Kg1 Qe1+ 65. Kg2
Qe2+ 66. Kg1 Qe1+ 67. Kg2 Qe2+ 68. Kg1 1/2-1/2

[Event "Olympiad Women-41"]
[Site "Tromsoe"]
[Date "2014.08.10"]
[Round "8.3"]
[White "Kosteniuk, Alexandra"]
[Black "Gara, Anita"]
[Result "1-0"]
[WhiteElo "2531"]
[BlackElo "2327"]
[PlyCount "149"]
[EventDate "2014.08.02"]
[EventType "team-swiss"]
[EventRounds "11"]
[EventCountry "NOR"]
[SourceTitle "CBM 162"]
[Source "ChessBase"]
[SourceDate "2014.09.17"]
[SourceVersion "1"]
[SourceVersionDate "2014.09.17"]
[SourceQuality "1"]
[WhiteTeam "Russia (W)"]
[BlackTeam "Hungary (W)"]
[WhiteTeamCountry "RUS"]
[BlackTeamCountry "HUN"]

1. e4 c5 2. Nf3 e6 3. d4 cxd4 4. Nxd4 Nc6 5. Nc3 Qc7 6. Be2 a6 7. O-O Nf6 8.
Be3 Bb4 9. Na4 Be7 10. Nxc6 bxc6 11. Bb6 Qf4 12. Bd3 O-O 13. Re1 d5 14. g3 Qb8
15. exd5 Nxd5 16. Bd4 Bf6 17. Bxf6 Nxf6 18. Qe2 a5 19. Qe3 Qb4 20. b3 Nd5 21.
Qf3 Bb7 22. Re5 Qd6 23. Qe2 g6 24. Rd1 Rfd8 25. h4 c5 26. Re1 Rac8 27. h5 Nf6
28. hxg6 hxg6 29. Nc3 Kg7 30. Nb5 Qc6 31. f3 Rh8 32. Be4 Nxe4 33. Rxe4 Rh3 34.
Rf4 Rxg3+ 35. Kf2 Rh3 36. Qe5+ Kg8 37. Qf6 Rf8 38. Rg1 Rh6 39. Nc3 Qd7 40. Rd1
Qc7 41. Nb5 Qc8 42. c4 e5 43. Rg4 Qe6 44. Qg5 Kh7 45. Rd6 Qf5 46. Qxf5 gxf5 47.
Rg5 e4 48. Rxh6+ Kxh6 49. Rxf5 Rd8 50. Rxf7 Ba8 51. fxe4 Bxe4 52. Rc7 Bb1 53.
Nc3 Bxa2 54. Nxa2 Rd2+ 55. Ke3 Rxa2 56. Rxc5 Kg6 57. Kd4 Ra3 58. Rb5 Kf7 59.
Kc5 Ke7 60. Kc6 Ra1 61. Kc7 a4 62. bxa4 Rxa4 63. c5 Rc4 64. c6 Rc1 65. Re5+ Kf6
66. Re4 Kf5 67. Re8 Kf6 68. Kd7 Rd1+ 69. Kc8 Kf7 70. Re4 Rc1 71. c7 Rc2 72. Kd7
Rd2+ 73. Kc6 Rc2+ 74. Kd6 Rd2+ 75. Kc5 1-0